[Event "AUTO-ADV-35"]
[Site "http://www.queenalice.com/game.php?id=10015"]
[Date "2005.4.16"]
[Round "1"]
[White "Boeing"]
[Black "Ziller"]
[Result "1-0"]
[WhiteElo "1637"]
[BlackElo "1435"]

1. e4 e5 2. c4 Bc5 3. Nc3 Nf6 4. Na4 Nxe4 5. Nxc5 Nxc5 6. d4 exd4 7. Qxd4 Qe7+
8. Be3 Ne6 9. Qc3 Na6 10. a3 O-O 11. b4 Qf6 12. Qxf6 gxf6 13. b5 Nac5 14. Nf3
Nd3+ 15. Bxd3 b6 16. Be4 Rb8 17. Rd1 d6 18. O-O Ng7 19. Bh6 f5 20. Bc2 Be6 21.
Rd4 Rfe8 22. Nh4 c5 23. bxc6 Bc8 24. Ba4 Re6 25. Bxg7 Kxg7 26. Nxf5+ Kf6 27. g4
Ba6 28. Bb3 Rg8 29. f3 Rc8 30. Ba4 h5 31. Bb5 Bxb5 32. cxb5 Kg6 33. Rxd6 Rxd6
34. Ne7+ Kf6 35. Nxc8 Rd2 36. Nxa7 h4 37. h3 Rd8 38. c7 Ra8 39. Rc1 Ke5 40. Rc6
Kf4 41. Kg2 1-0

[Event "AUTO-ADV-35"]
[Site "http://www.queenalice.com/game.php?id=10016"]
[Date "2005.4.16"]
[Round "1"]
[White "Ziller"]
[Black "Boeing"]
[Result "0-1"]
[WhiteElo "1458"]
[BlackElo "1626"]

1. e4 e5 2. Bc4 Nf6 3. Nc3 Bb4 4. a3 Bxc3 5. dxc3 Nxe4 6. Qf3 Nf6 7. Bg5 O-O 8.
Bd3 Re8 9. Bxf6 Qxf6 10. Qh3 h6 11. O-O-O d5 12. Qg3 c6 13. Nf3 e4 14. Rhe1 Kf8
15. Re3 exd3 16. Rde1 Rxe3 17. Rxe3 dxc2 18. Kxc2 Bf5+ 19. Kb3 Na6 20. Ka2 Be6
21. Qd6+ Kg8 22. Nd4 Rd8 23. Qg3 c5 24. Nb5 d4+ 25. b3 dxe3 0-1

[Event "AUTO-ADV-35"]
[Site "http://www.queenalice.com/game.php?id=10023"]
[Date "2005.4.16"]
[Round "1"]
[White "gon"]
[Black "Ziller"]
[Result "1-0"]
[WhiteElo "1608"]
[BlackElo "1430"]

1. e4 e5 2. Nf3 Nc6 3. d4 exd4 4. Nxd4 Nxd4 5. Qxd4 d6 6. Nc3 Nf6 7. e5 c5 8.
Qe3 dxe5 9. Qxe5+ Be6 10. Bb5+ Nd7 11. Nd5 f6 12. Nc7+ Kf7 13. Qxe6+ Kg6 14.
Bd3+ Kh5 15. Qh3# 1-0

[Event "AUTO-ADV-35"]
[Site "http://www.queenalice.com/game.php?id=10024"]
[Date "2005.4.16"]
[Round "1"]
[White "Ziller"]
[Black "gon"]
[Result "0-1"]
[WhiteElo "1435"]
[BlackElo "1628"]

1. e4 e5 2. Bc4 Nf6 3. d3 Be7 4. Qf3 c5 5. Ne2 O-O 6. Ng3 d6 7. Nf5 Nc6 8. Qg3
Nh5 9. Qg4 Bxf5 10. Qxf5 Nf6 11. Nd2 Nd4 12. Qh3 Nxc2+ 13. Kd1 Nxa1 14. Nf3 h6
15. Ke2 Nc2 16. Kd2 Nd4 17. Ne1 Qa5+ 18. Ke3 b5 19. Bd2 Qa6 20. Bd5 Rab8 21. Bb3
c4 22. dxc4 bxc4 23. Bd1 Qxa2 24. Nc2 Qb3+ 25. Bc3 Qa2 26. Nxd4 exd4+ 27. Bxd4
Qb1 28. g4 Qxe4+ 29. Kd2 Qxh1 30. Bf3 Rxb2+ 31. Bxb2 Qb1 32. Bc3 Qa2+ 33. Ke1 a5
34. Bc6 Rb8 35. Kf1 Rb1+ 36. Kg2 Qe2 37. Bf3 Qf1+ 38. Kg3 Qg1+ 39. Bg2 Ne4+ 40.
Kf4 Ng5 41. Qg3 Rb3 42. h4 Ne6+ 43. Ke4 Qb1+ 44. Kd5 Rb5+ 45. Kxc4 Rc5# 0-1

[Event "Challenge"]
[Site "http://www.queenalice.com/game.php?id=10205"]
[Date "2005.4.18"]
[Round "-"]
[White "marcos"]
[Black "Ziller"]
[Result "1-0"]
[WhiteElo "1458"]
[BlackElo "1341"]

1. e4 e5 2. b3 Qf6 3. Bb2 Bc5 4. Nf3 d6 5. Nc3 Bg4 6. Nd5 Qd8 7. h3 Bh5 8. g4
Bg6 9. d3 c6 10. Nc3 Nf6 11. a4 O-O 12. a5 Bd4 13. g5 Nh5 14. b4 Na6 15. Na4
Bxb2 16. Nxb2 Nxb4 17. c3 Na6 18. d4 Bxe4 19. dxe5 dxe5 20. Bg2 Nf4 21. Rg1 Nc5
22. Qxd8 Nxg2+ 23. Rxg2 Raxd8 24. Rg3 Nd3+ 25. Nxd3 Rxd3 26. Nxe5 Re8 27. Nc4
Bd5+ 28. Ne3 Rxc3 29. Rb1 b5 30. a6 g6 31. Kf1 Ba2 32. Ra1 Be6 33. Kg1 Rd8 34.
Ng4 Rxg3+ 35. fxg3 Kg7 36. Rf1 Bf5 37. Rc1 Rc8 38. Ne5 c5 39. g4 1-0

[Event "Challenge"]
[Site "http://www.queenalice.com/game.php?id=10260"]
[Date "2005.4.19"]
[Round "-"]
[White "Ziller"]
[Black "igorrs"]
[Result "0-1"]
[WhiteElo "1435"]
[BlackElo "1500"]

1. e4 e5 2. Nf3 d6 3. d3 Nc6 4. d4 exd4 5. Nxd4 Nxd4 6. Qxd4 Qf6 7. Be3 a6 8.
Nc3 c5 9. Qa4+ Bd7 10. Nb5 Qxb2 11. Rd1 Bxb5 12. Bxb5+ Qxb5 13. Qb3 Qxb3 14.
cxb3 Nf6 15. f3 b5 16. e5 dxe5 17. Rd3 Be7 18. Ke2 O-O 19. g4 c4 20. bxc4 bxc4
21. Rdd1 Rac8 22. Bd4 exd4 23. Rxd4 c3 24. Rc1 Rc6 25. h4 Rfc8 26. g5 Nh5 27.
Rd7 Bd6 28. Kd1 c2+ 29. Rxc2 Rxc2 30. Rxd6 Rxa2 31. Rd4 Ng3 32. Rd2 Ra1# 0-1

[Event "polish game"]
[Site "http://www.queenalice.com/game.php?id=10797"]
[Date "2005.4.23"]
[Round "-"]
[White "appalachia"]
[Black "Ziller"]
[Result "0-1"]
[WhiteElo "1105"]
[BlackElo "1432"]

1. b4 e5 2. e3 Bxb4 3. g4 d5 4. Ba3 Ba5 5. Bg2 Nf6 6. f3 Nc6 7. Nc3 d4 8. Ne4
Nd5 9. c4 dxc3 10. Bc1 Nxe3 11. Qe2 Nc2+ 12. Kd1 N6d4 13. Qd3 Nxa1 14. Qxc3 Bxc3
15. dxc3 Nxf3+ 16. Ke2 Bxg4 17. Bxf3 Bf5 18. Ng3 Qd3+ 19. Kf2 Qc2+ 20. N1e2 Be6
21. Bxb7 Rd8 22. Kf3 Qxa2 23. Bg5 f6 24. Be3 Nc2 25. Bc6+ Bd7 26. Bxd7+ Rxd7 27.
h4 O-O 28. Bc5 Kh8 29. Nf5 Qd5+ 30. Kg4 Qxc5 31. Rc1 Ne3+ 32. Nxe3 Qxe3 33. Kf5
Qxe2 34. Ke6 Qd2 35. c4 Re8+ 0-1

[Event "Challenge"]
[Site "http://www.queenalice.com/game.php?id=10832"]
[Date "2005.4.24"]
[Round "-"]
[White "Ziller"]
[Black "Adriano_Pereira"]
[Result "1-0"]
[WhiteElo "1425"]
[BlackElo "1189"]

1. e4 e6 2. Nf3 b6 3. e5 Ba6 4. Bd3 Bc5 5. Be4 d5 6. exd6 c6 7. d4 Bb4+ 8. Bd2
Qxd6 9. c3 Ba5 10. b4 Nf6 11. Bc2 O-O 12. bxa5 bxa5 13. a4 Nbd7 14. Na3 Rfb8 15.
c4 Qc7 16. O-O Rb7 17. Ng5 h6 18. Ne4 Rab8 19. Qe2 Rb2 20. Nxf6+ gxf6 21. Qg4+
Kf8 22. Bxh6+ Ke7 23. Bf4 Qd8 24. Bxb8 Rxb8 25. Rfe1 f5 26. Qg5+ f6 27. Qg7+ Kd6
28. c5+ Kc7 29. Rxe6 Qg8 30. Qe7 Qe8 31. Qd6+ Kd8 32. Rxe8+ Kxe8 33. Bxf5 Rb7
34. Re1+ Kd8 35. Bg6 Bd3 36. Re8# 1-0

[Event "Challenge"]
[Site "http://www.queenalice.com/game.php?id=11101"]
[Date "2005.4.26"]
[Round "-"]
[White "Ziller"]
[Black "palito"]
[Result "0-1"]
[WhiteElo "1356"]
[BlackElo "1390"]

1. e4 e5 2. Bc4 Nf6 3. Nf3 d6 4. d3 a6 5. O-O c6 6. Qd2 b5 7. Bb3 a5 8. a4 Ba6
9. Nc3 b4 10. Ng5 Ra7 11. Qe3 c5 12. Nb5 Bxb5 13. axb5 h6 14. Ba4 hxg5 15. Qxg5
Rh5 16. Qg3 Nh7 17. Qf3 Rb7 18. Qxh5 Nf6 19. Qh4 Ng8 20. Bg5 Be7 21. Bxe7 Qxe7
22. Qh8 Qf8 23. c3 bxc3 24. bxc3 Nh6 0-1

[Event "AUTO-INT-09"]
[Site "http://www.queenalice.com/game.php?id=11345"]
[Date "2005.4.28"]
[Round "1"]
[White "LOLIN"]
[Black "Ziller"]
[Result "1-0"]
[WhiteElo "1609"]
[BlackElo "1379"]

1. e4 e5 2. Nf3 Nc6 3. Bc4 Qe7 4. a3 d6 5. O-O Qf6 6. Nc3 Qg6 7. Nh4 Qg5 8. g3
Bh3 9. Re1 Nf6 10. d4 Qg4 11. Be2 Qd7 12. d5 Nd4 13. Bf1 Bg4 14. Qd3 h6 15. Nb5
Nxb5 16. Qxb5 c6 17. Qb3 a6 18. Bg2 Nh5 19. f3 Bh3 20. Bxh3 Qxh3 21. Qxb7 Qc8
22. Qxc6+ Qxc6 23. dxc6 Rc8 24. c3 Rxc6 25. a4 g5 26. Nf5 Rg8 27. g4 Nf4 28.
Bxf4 1-0

[Event "AUTO-INT-09"]
[Site "http://www.queenalice.com/game.php?id=11346"]
[Date "2005.4.28"]
[Round "1"]
[White "Ziller"]
[Black "LOLIN"]
[Result "0-1"]
[WhiteElo "1444"]
[BlackElo "1562"]

1. e4 e5 2. Bc4 Qf6 3. Nf3 Bc5 4. Qe2 Nc6 5. a3 Nd4 6. Nxd4 Bxd4 7. O-O a6 8. c3
Ba7 9. d3 b5 10. Bd5 c6 11. Bb3 Ne7 12. Be3 O-O 13. Nd2 d6 14. Bxa7 Rxa7 15. Qe3
Rd7 16. c4 c5 17. cxb5 axb5 18. a4 Ba6 19. axb5 Bxb5 20. Bc4 Rb7 21. Rfb1 Nc6
22. Bd5 Rb6 23. Nc4 Bxc4 24. dxc4 Nd4 25. Ra4 Rb3 26. Qd2 Qh4 0-1

[Event "AUTO-INT-09"]
[Site "http://www.queenalice.com/game.php?id=11355"]
[Date "2005.4.28"]
[Round "1"]
[White "Ziller"]
[Black "ryanwilson"]
[Result "0-1"]
[WhiteElo "1392"]
[BlackElo "1455"]

1. e4 e5 2. Bc4 c6 3. Qf3 Nf6 4. d3 d5 5. exd5 cxd5 6. Bb3 Bd6 7. Nh3 e4 8. dxe4
dxe4 9. Qc3 Qe7 10. Be3 Nc6 11. Ba4 Bb4 0-1

[Event "AUTO-INT-09"]
[Site "http://www.queenalice.com/game.php?id=11356"]
[Date "2005.4.28"]
[Round "1"]
[White "ryanwilson"]
[Black "Ziller"]
[Result "1-0"]
[WhiteElo "1468"]
[BlackElo "1379"]

1. e4 e5 2. Nf3 Nc6 3. Bb5 Qf6 4. c3 a6 5. Ba4 Qg6 6. O-O Qxe4 7. Re1 Qg6 8.
Nxe5 Nxe5 9. Rxe5+ Ne7 10. d4 f6 11. Re4 1-0